| 000 | 00761nam a22001937a 4500 | ||
|---|---|---|---|
| 005 | 20111018102818.0 | ||
| 010 | _aB444668 | ||
| 020 |
_a9788120737952 _c225.00 |
||
| 037 |
_bBlue Berry/Ven _aDPL |
||
| 082 | _aS | ||
| 245 | _aSherman came for a visit / | ||
| 260 |
_aNew Delhi _bSterling Publishers |
||
| 270 |
_aA-59, Okhla Industrial Area, Phase-II _bNew Delhi _e110020 |
||
| 300 |
_aunpaged. _c27cm(Hb) |
||
| 490 |
_aFisher-price Ready Reader story book TM _937802 |
||
| 942 |
_2ddc _cCH _hS _mSHE |
||
| 999 |
_c57747 _d57747 |
||